| 000 | 007910am a2200229 004500 | ||
|---|---|---|---|
| 003 | EG-GiCUC | ||
| 008 | 070315s1991 ua g 000 0 ara d | ||
| 017 |
_a1991 / 5071 _bمصر.دار الكتب |
||
| 040 |
_aEG-GiCUC _bara _cEG-GiCUC |
||
| 092 | 0 | 4 |
_a121.68 _bJ231 _221 |
| 099 |
_a04 _a121.68 J231 |
||
| 100 | 1 | _aجعفر : عبد الوهاب | |
| 245 | 1 | 2 |
_aالفلسفة واللغة / _bتأليف عبد الوهاب جعفر |
| 260 |
_aالاسكندرية : _bالفتح للطباعة و النشر : _c1991 |
||
| 300 |
_a157ص ؛ _c24سم |
||
| 504 | _aيشتمل على ارجاعات ببليوجرافية (ص153-157) | ||
| 650 | 7 |
_aاللغة _xفلسفة _2qrmak |
|
| 902 | _a1 | ||
| 905 |
_aامل _eمدخل |
||
| 905 |
_aجيهان _eمراجع |
||
| 942 |
_2ddc _cBK |
||
| 999 |
_c93424 _d93424 |
||